000 00504cam a2200169ua 4500
041 _aeng
_h
082 _a621.402
_bPAU/Me
100 _aPaul, Akshay Ranjan .
245 _aMechanical science: Engineering thermodynamics and fluid mechanics /
_cAkshay Ranjan Paul.
_hTextual Documents
260 _aNew Delhi :
_bPrentice Hall of India Pvt Ltd. ,
_c2005.
300 _a580 ; .
504 _a
700 1 _aMukherjee, Sanchayan .
700 1 _aRoy, Pijush .
942 _cBK
999 _c13195
_d13195